000 00663nam a2200181Ia 4500
003 GCL
008 140319s9999 xx 000 0 ara d
020 _a223505977
040 _aGCL /
_cGCL
082 0 4 _a723.3
_bص م
100 1 _aصباح السيد سليمان
245 1 0 _aالمعمار المملوكى بين هندسة اللفظ وهندسة الشكل /
_cصباح السيد سليمان
260 _aالقاهرة :
_bمكتبة الانجلوالمصرية ،
_c2006
300 _a231 ص ؛
_c24 سم
650 0 4 _aالعمارة الاسلامية
650 0 4 _aالعمارة الاسلامية - عصر المماليك
942 _2ddc
_cBK
999 _c9806
_d9806